Handbook of Psychiatric Nursing (Record no. 7733)

MARC details
000 -LEADER
fixed length control field 00353nam a22001457a 4500
020 ## - INTERNATIONAL STANDARD BOOK NUMBER
ISBN 9788125919018
050 ## - CALL NUMBER
Classification number RC440
100 ## - AUTHOR
Personal name Alphonsa, Jacob
245 ## - TITLE
Title Handbook of Psychiatric Nursing
Statement of responsibility, etc by Jacob Alphonsa
250 ## - EDITION
Edition statement 2nd
260 ## - PUBLICATION INFORMATION
Place of publication India
Name of publisher Vikas Publishing House LTD
300 ## - DESCRIPTION
Number of Pages 381 p;
650 ## - SUBJECTS
Topical Term Psychiatric Nurisng
942 ## - ADDED ENTRY ELEMENTS (KOHA)
Koha item type Books
Holdings
Withdrawn status Lost status Home library Current library Date acquired Full call number Accession Number Koha item type
    Methodist University Library Wenchi Nursing Methodist University Library Wenchi Nursing 23/09/2021 RC440 35433 Books
    Methodist University Library Wenchi Nursing Methodist University Library Wenchi Nursing 23/09/2021 RC440 35434 Books
Copyright © 2026  MUG Library